Κατάλογος Βιβλιοθηκών Mediterranean College

Designing Experiments and Analyzing Data / A Model Comparison Perspective (Record no. 1700)

MARC details
000 -LEADER
fixed length control field 01470cam a22002054a 4500
005 - ΗΜΕΡΟΜΗΝΙΑ ΚΑΙ ΩΡΑ ΤΕΛΕΥΤΑΙΑΣ ΕΝΗΜΕΡΩΣΗΣ
Πεδίο ελέγχου 20250605164016.0
008 - FIXED-LENGTH DATA ELEMENTS--GENERAL INFORMATION
Πεδίο ελέγχου σταθερού μήκους 250528s ||||||||||||||||||||||||d
035 ## - SYSTEM CONTROL NUMBER
System control number 16165
020 ## - ISBN
ISBN 53410374
040 ## - ΠΗΓΗ ΚΑΤΑΛΟΓΟΓΡΑΦΗΣΗΣ
Φορέας πρωτότυπης καταλογογράφησης MC Athens Campus Library
Γλώσσα καταλογογράφησης Ελληνικά, Μοντέρνα (1453-)
Modifying agency MC Athens Campus Library
Κανόνες περιγραφικής καταλογογράφησης AACR2
245 1# - ΤΙΤΛΟΣ ΚΑΙ ΔΗΛΩΣΗ ΥΠΕΥΘΥΝΟΤΗΤΑΣ
Τίτλος Designing Experiments and Analyzing Data / A Model Comparison Perspective
260 ## - PUBLICATION, DISTRIBUTION, ETC.
Name of publisher, distributor, etc. Wadsworth Publishing Company,
Date of publication, distribution, etc. 1990
300 ## - PHYSICAL DESCRIPTION
Extent 908
520 ## - SUMMARY, ETC.
Summary, etc. Preface, Conceptual Bases of Experimental Design and Analysis, The Logic of Experimental Design, Introduction to the Fisher Tradition, Model Comparisons for Between-Subjects Designs, Introduction to Model Comparisons: One-Way Between-Subjects Designs, Individual Comparisons of Means, Testing Several Contrasts: The Multiple-Comparisons Problems, Trend Analysis, Two-Way Between-Sunjects Factorial Designs, Higher-Order Between-Subjects Factorial Designs, Designs with Concomitant Variables: ANCOVA and Blocking, Designs with Random or Nested Factors, Model Comparisons for Designs Involving within-Subjects Factors, One-Way Within-Subjects Designs: Univariate Approach, Higher-Order Designs with Within-Subjects Factors: Univariate Approach, Higher-Order Designs with Within-Subjects Factors: Multivariate Approach, Alternative Analysis Strategies, Robust ANOVA and ANCOVA, Statistical Tables, Name and Subject Index.
700 1# - ΠΡΟΣΘΕΤΗ ΑΝΑΓΡΑΦΗ--ΦΥΣΙΚΟ ΠΡΟΣΩΠΟ
Personal name Delaney Harold D
9 (RLIN) 2213
700 1# - ΠΡΟΣΘΕΤΗ ΑΝΑΓΡΑΦΗ--ΦΥΣΙΚΟ ΠΡΟΣΩΠΟ
Personal name Maxwell Scott E
9 (RLIN) 2214
942 ## - ADDED ENTRY ELEMENTS (KOHA)
Koha item type Books
Holdings
Τύπος τεκμηρίου Βιβλιοθήκη Τρέχουσα τοποθεσία Barcode Αριθμός εισαγωγής Ημερομηνία απόκτησης Ταξιθετικό σύμβολο Αριθμός αντιτύπου Κατάσταση απόσυρσης Κατάσταση χαμένου Κατάσταση κατεστραμμένου Μη δανεισμός Σύνολο δανεισμών Ημερομηνία τελευταίας εμφάνισης Η τιμή ισχύει από
Books MC Athens Campus Library MC Athens Campus Library 9780000016997 3252 05/06/2025 519.5/3 MAX 1           05/06/2025 05/06/2025

MC Athens Campus Library
Πατησίων 94 & Κοδριγκτώνος 13, 104 34
Πελλήνης 8 & Πατησίων 107, 112 51
Τ: +30 210 8899600

MC Thessaloniki Campus Library
Ίωνος Δραγούμη 21, 54625 | Ίωνος Δραγούμη 15, 54625
Τ: +30 2310 287779 – Τ: +30 2314 440300